000 00620nam a2200193Ia 4500
003 GCL
008 140319s9999 xx 000 0 ara d
040 _aGCL /
_cGCL
082 0 4 _a219
_bا ن
100 1 _aاحمد صدقى الدجانى
245 1 0 _aنظرات فى قضايا معاصرة /
_cاحمد صدقى الدجانى
260 _a[S.N] :
_bدار المستقبل العربى ،
_c1987
300 _a89 ص
490 _a
650 0 4 _aالاسلام والاصلاح الاجتماعى
650 0 4 _aالتاريخ الاسلامى
650 0 4 _aالاسلام والسياسة
942 _2ddc
_cBK
999 _c32694
_d32694